Vista normal
Vista MARC
Entrada Personal Name
Número de registros utilizados en: 1
001 - CONTROL NUMBER
- control field: 5611
003 - CONTROL NUMBER IDENTIFIER
- control field: OSt
005 - DATE AND TIME OF LATEST TRANSACTION
- control field: 20200613145433.0
008 - FIXED-LENGTH DATA ELEMENTS
- fixed length control field: 200613|| aca||aabn | a|a d
040 ## - CATALOGING SOURCE
- Original cataloging agency: OSt
- Transcribing agency: OSt
100 ## - HEADING--PERSONAL NAME
- Personal name: Ziraldo, Alves Pinto,
- Dates associated with a name: 1932
670 ## - SOURCE DATA FOUND
- Source citation: Work cat.: (OSt)3490: Ziraldo, Alves Pinto, 1932 autor, El niño marrón / , 1986